000 00519nab a2200145Ia 4500
003 ES-SlBCS
005 20210601132856.0
008 140529s1968 xxu||||| |||| 00| 0 ita d
041 _aita
100 1 _aDrago, Giovanni
_962838
245 0 0 _aIl contributo itlaiano al congresso mondiale di filosofia del diritto e di filosofia sociale
_c Giovanni Drago
650 0 4 _aFilosofía del Derecho-Filosofía Moral
_9199707
773 0 _tGiornali di Metafisica
_gvol. 23, nº. 2-3, 1968, págs. 295-299
_w0017-0372
942 _cAR
999 _c587024
_d587024